| 000 | 01292nam a2200325 a 4500 | ||
|---|---|---|---|
| 001 | 000007080 | ||
| 003 | DO-SdBNP | ||
| 005 | 20251120073731.0 | ||
| 007 | ta | ||
| 008 | 090904s1989 dr r 000 0 spa d | ||
| 040 |
_aDO-SdBNP _bspa _cBNPHU |
||
| 082 | 4 |
_a306.4 _bS471u, 1988 _222 |
|
| 111 | 1 |
_aSeminario Taller Universidad Cultura y Evangelización _n(22-25 de marzo _d1988: _cSantiago de los caballeros, República Dominicana ) _919677 |
|
| 245 | 1 | 0 |
_aUniversidad, cultura y evangelización / _cpresentación Agripino Núñez Collado. |
| 250 | _a2a. ed. | ||
| 260 |
_aSanto Domingo : _bPUCMM, _c1989. |
||
| 300 |
_a396 p. ; _c22 cm. |
||
| 490 | 1 |
_aDocumentos; _v129 |
|
| 500 | _aIncluye referencias bibliográficas y notas al pie de las páginas | ||
| 504 | _aIncluye bibliografía : p. 104 -105, 149 -150, 173 -176 | ||
| 590 | _aInventariado, 2018/MFF | ||
| 650 | 4 |
_aIglesia y universidad _xCongresos, conferencias, etc. _919678 |
|
| 650 | 0 |
_aEducación superior _9736 |
|
| 650 | 4 |
_aIglesia y educación _919680 _vCongresos, conferencias, etc. |
|
| 700 | 1 |
_aNúñez Collado, Agripino _d1933-2022 _98457 |
|
| 710 | 2 |
_aPontificia Universidad Católica Madre y Maestra _9843 |
|
| 830 | 0 |
_aDocumentos; _n129 _919681 |
|
| 910 | _aValidado. Control de calidad. MFF | ||
| 942 |
_2ddc _cLBS1 |
||
| 999 |
_c6863 _d6863 |
||